| 000 | 00760nam a22002531 4500 | ||
|---|---|---|---|
| 001 | 28667 | ||
| 003 | BD-RjUL | ||
| 005 | 20211209051319.0 | ||
| 008 | 140331s1961 nyua b 001 0 eng d | ||
| 035 | _a(BD-RjUL)28749 | ||
| 040 |
_aDLC _cDLC _dDLC _dBD-RjUL _beng |
||
| 041 | _aeng | ||
| 082 | 0 | 0 |
_a371.26 _bGOU 1961 |
| 100 | 1 |
_aGoldman, Leo, _d1920- _986945 |
|
| 245 | 1 | 0 |
_aUsing tests in counseling / _cLeo Goldman. |
| 260 |
_aNew York : _bAppleton-Century-Crofts, _c1961. |
||
| 300 |
_axviii, 434 p. : _bill. ; _c24 cm. |
||
| 490 | 0 | _aThe Century psychology series | |
| 504 | _aIncludes bibliographical references and index. | ||
| 650 | 0 |
_aEducational tests and measurements. _987734 |
|
| 942 |
_2ddc _cBK |
||
| 999 |
_c28667 _d28667 |
||